Tintin et l'Allemagne - Statistiques

Statistiques générales
  • Ce quiz a été pris 68 fois
  • Le résultat moyen est 11 sur 18
Statistiques - réponses
Questions Réponses % Correct
Capitale de l'Allemagne et ville où Tintin change de train dans son voyage vers l'Union soviétique (Tintin au pays des Soviets) mais il s'y fait arrêter. Il revint dans cette capitale par avion après son aventure en Russie. Berlin
98%
Port allemand vers lequel Mitsuhirato achemine de l'opium par le cargo Cervin. Hambourg
87%
Devise monétaire de l'Allemagne. Tintin en touchait 20 000 unités comme prime de récompense pour la capture d'un dangereux criminel bolchévique qui voulait faire sauter à la dynamite toutes les capitales d'Europe (Tintin au pays des Soviets). Le mark
83%
Ville d'Allemagne célèbre pour sa saucisse fumée précuite. C'est également le lieu de la première escale de Tintin avec le faux Professeur Halambique au cours de leur voyage en avion vers la Syldavie (Le Sceptre d'Ottokar). Francfort-sur-le-Main
81%
Ennemi de Tintin au nom à consonnance allemande, directeur d'asile psychiatrique, faux-monnayeur, agent secret et mercenaire. Le Dr. J. W. Müller
78%
Pianiste de la Castafiore qui partage son nom de famille avec le compositeur allemand de "La Walkyrie". Igor Wagner
74%
Albums dans lesquels apparaît ce rival de Tintin. L'Île noire
69%
Race du chien du précédent : un ____ allemand. Dogue
67%
Albums dans lesquels apparaît ce rival de Tintin. Tintin au pays de l'or noir
65%
Personnage de la littérature allemande qui contracte un pacte avec le Diable, si bien que dans la plupart des versions populaires du récit, son âme est damnée après sa mort. Il a été mis en musique par Charles Gounod, opéra dont Bianca Castafiore chante constamment "L'Air des Bijoux". Faust
61%
Compositeur idéaliste allemand connu pour ses symphonies et sonates ainsi que pour sa "Lettre à Élise". Haddock appelle ironiquement le précédent par le nom de ce compositeur allemand : "... avec son Irma et son espèce de ________." (Les Bijoux de la Castafiore) Ludwig van Beethoven
61%
Albums dans lesquels apparaît ce rival de Tintin. Coke en stock
50%
Marque automobile allemande. Dans "Les Sept boules de cristal", les ravisseurs du Professeur Tryphon Tournesol conduisait le modèle Olympia 38 de ce constructeur. Une conduite intérieure noire, la première voiture automobile connue de ces bandits ! Opel
50%
Romancier, dramaturge, poète, scientifique, théoricien de l'art et homme d'État allemand qui créa le personnage précédent. Johann Wolfgang von Goethe
48%
Ville à l'Université de laquelle travaille Otto Schultze membre de l'expédition scientifique vers l'Arctique à laquelle participait Tintin (L'Étoile mystérieuse). Cette ville fut le théâtre d'une sanglante bataille napoléonienne. Iena
43%
Ville d'Allemagne proche de la capitale où se trouve le Palais "Sanssouci". C'est là que réside Otto Steinkopf, un associé du rival de Tintin cité précédemment (réponse #3) selon un document trouvé par Tintin sur un rocher au large de Kiltoch en Écosse. Potsdam
43%
Titre honorifique d'Otto Schultze. Docteur
35%
Conspirateur syldave, chef du parti « La Garde d'Acier », qui organise un complot afin de subtiliser le sceptre et de contraindre le roi Muskar XII à abdiquer, préparant ainsi l'annexion du pays à la Bordurie. Son nom est formé à partir de contraction des noms des dictateurs italien et allemand de l'époque de la publication de l'album "Le Sceptre d'Ottokar". La Garde d'Acier est-elle même une référence à la "Garde de Fer" du dictature roumain Corneliu Codreanu. Müsstler
28%
Aucun quiz correspondant
Distribution des résultats
% des personnes avec chaque résultat
Percentile par nombre de réponses
Votre historique - résultats
Vous n’avez pas pris ce quiz